000 01292nam1a22003011 4500
001 RU\NLR\KADK\56985
005 20251214183116.0
035 _a(NLR Aleph) 009866712
090 _a10405185
_c10405185
100 _a20011211d1813 u y0rusy50 ca
101 0 _afre
102 _aRU
200 1 _aDictionnaire géographique-historique de l'Empire de Russie ...
_fPar N.S. Vsévolojsky ...
210 _aMoscou [Moskva]
_cDe l'imprimerie de l'auteur
_d1813
215 _d8°(22 см)
316 _aT. 1-2 сплет. в одном пер.
_5Рэ ШК / V-985 Q
317 _aС наклейкой Б-ки 1-го Кадет. корп. и штампом Лен. Воен. б-ки
_5Рэ ШК / V-985 Q
463 0 _1001RU\NLR\KADK\56986
_913488179
_pXVI, 297 с.
_tDictionnaire géographique-historique de l'Empire de Russie . - T. 1
463 0 _1001RU\NLR\KADK\56987
_913488180
_p[4], 360 с.
_tDictionnaire géographique-historique de l'Empire de Russie . - T. 2
620 _dMoskva
700 1 _6z01790
_6610
_aVsevoložskij
_bN.S.
_f1772-1857
_gNikolaj Sergeevič
_4070
790 1 _6z01700
_6610
_aVsévolojsky
_bN.S.
_4070
801 0 _aRU
_bNLR
_c20011211
852 _aNLR
_bБ-ка 1-го Кадет. Корп.
_jРэ ШК / V-985 Q
942 _cBOOK
980 _aNB
980 _aKADK